[Event "Fysiolatriko op 10th"]
[Site "Renti"]
[Date "2012.06.15"]
[Round "2.10"]
[White "Zervos, Konstantinos"]
[Black "Panagiotopoulos, Vasilios"]
[Result "0-1"]
[WhiteElo "1560"]
[BlackElo "2064"]
[PlyCount "88"]
[EventDate "2012.06.14"]
[EventType "swiss"]
[EventRounds "8"]
[EventCountry "GRE"]
[SourceTitle "EXT 2024"]
[Source "ChessBase"]
[SourceDate "2023.10.10"]
[SourceVersion "1"]
[SourceVersionDate "2023.10.10"]
[SourceQuality "1"]

1. e4 c5 2. Nf3 d6 3. d4 cxd4 4. Nxd4 Nf6 5. Nc3 a6 6. Be2 e5 7. Nb3 Be7 8. Be3 Nbd7 9. 0-0 0-0 10. f4 exf4 11. Bxf4 Ne5 12. Qe1 b5 13. Rd1 Qb6+ 14. Kh1 b4 15. Nd5 Nxd5 16. exd5 Ng6 17. Bg3 Bf6 18. Bf2 Qc7 19. Nd4 Re8 20. Qd2 Bd7 21. Bf3 Ne5 22. Qxb4 Nxf3 23. Nxf3 Rab8 24. Qa3 Bxb2 25. Qxa6 Bb5 26. Qa7 Rb7 27. Bb6 Rxa7 28. Bxc7 Bxf1 29. Bxd6 Be2 30. Re1 Bc3 31. Rb1 Rxa2 32. Ne5 Ra1 33. Rxa1 Bxa1 34. Nc6 Bf6 35. Kg1 Bb5 36. Kf2 Re2+ 37. Kf3 Rxc2 38. Na7 Bf1 39. g4 Bg2+ 40. Kf4 g5+ 41. Kg3 Bxd5 42. Kh3 Rg2 43. Nc8 h5 44. Bg3 Bf3 0-1